IFM Opac

Element of Marketing Management: A practical approach (Record no. 16156)

MARC details
000 -LEADER
fixed length control field 00397nam a22001457a 4500
020 ## - INTERNATIONAL STANDARD BOOK NUMBER
International Standard Book Number 9976604238
082 ## - DEWEY DECIMAL CLASSIFICATION NUMBER
Classification number 658.8 MSA
100 ## - MAIN ENTRY--PERSONAL NAME
Personal name Msangi,Timon M.
245 ## - TITLE STATEMENT
Title Element of Marketing Management: A practical approach
260 ## - PUBLICATION, DISTRIBUTION, ETC.
Place of publication, distribution, etc. Dar es salaam University
Name of publisher, distributor, etc. Timon M.Msangi
Date of publication, distribution, etc. 2007
300 ## - PHYSICAL DESCRIPTION
Extent xii,279p
Other physical details ill.;21cm
500 ## - GENERAL NOTE
General note Includes Index
650 ## - SUBJECT ADDED ENTRY--TOPICAL TERM
Topical term or geographic name entry element Marketing Management
942 ## - ADDED ENTRY ELEMENTS (KOHA)
Koha item type Books

No items available.